000 00432nam a2200181Ia 4500
003 OSt
005 20220913113303.0
008 210210b1937 xxu||||| |||| 00| 0 eng d
040 _cAL
041 _aeng
082 _a821/634
100 _aSPENSER (E)
_957305
245 _aFairie queene
260 _aLondon
_bThomas Nelson and Sons Limited
_c1937
690 _aEnglish Literature
_957306
906 _a011802
942 _2ddc
_cBK
999 _c130509
_d130509